| 000 | 00581nam a2200229 a 4500 | ||
|---|---|---|---|
| 999 |
_c1703 _d1703 |
||
| 001 | 1703 | ||
| 003 | BD-JhCC | ||
| 005 | 20171023174902.0 | ||
| 008 | 171023s1999 eng |||| ||a| 001 0 eng d | ||
| 035 | _a(BD-JhCC)1703 | ||
| 040 |
_aBD-JhCC _dBD-JhCC |
||
| 041 | _aeng | ||
| 082 |
_a822.33 _bSKP 1999 |
||
| 100 | _aShakespeare, William | ||
| 245 |
_aA Mid Summer Night's Dream / _bWilliam Shakespeare |
||
| 260 |
_aDelhi : _bSujeet Publications, _c1999. |
||
| 300 |
_a184 p. : _c20 cm. |
||
| 650 | _aEnglish Drama | ||
| 700 | _aLall, Ramji | ||
| 942 |
_2ddc _cBK |
||